Apró közlemények Barok. Andocs. Jutás. [... etc.]
Elmentve itt :
| Dokumentumtípus: | Cikk |
|---|---|
| Megjelent: |
1929
|
| Sorozat: | Föld és ember
9 No. 3-4 |
| Kulcsszavak: | Földrajztudomány |
| Online Access: | http://acta.bibl.u-szeged.hu/10458 |
| LEADER | 00539nab a2200157 i 4500 | ||
|---|---|---|---|
| 001 | acta10458 | ||
| 005 | 20210622155236.0 | ||
| 008 | 161015s1929 hu o 0|| hun d | ||
| 040 | |a SZTE Egyetemi Kiadványok Repozitórium |b hun | ||
| 041 | |a hun | ||
| 245 | 0 | 0 | |a Apró közlemények |h [elektronikus dokumentum] : |b Barok. Andocs. Jutás. [... etc.] |
| 260 | |c 1929 | ||
| 300 | |a 189-197 | ||
| 490 | 0 | |a Föld és ember |v 9 No. 3-4 | |
| 695 | |a Földrajztudomány | ||
| 856 | 4 | 0 | |u http://acta.bibl.u-szeged.hu/10458/1/fold_009_003_004_189-197.pdf |z Dokumentum-elérés |